| 000 | 00919ngm a2200205 a 4500 | ||
|---|---|---|---|
| 005 | 20230418063541.0 | ||
| 008 | 010717s1996 mx 060 aaspa d | ||
| 035 | _aUPN01000109785 | ||
| 049 | _aAV | ||
| 050 | 4 | _aPVI F 900 | |
| 245 | 0 | 0 | _a1952-1954 blanco y negro. 1954-1956 a toda máquina. |
| 260 |
_aMéxico : _bSEP, _c1996. |
||
| 300 |
_a1 videocasete (VHS) (60 min.) : _bson., b y n. |
||
| 440 | 0 |
_aSiglo 20. La vida en México ; _v11 |
|
| 520 | _aMéxico se desenvuelve entre el box, la música afrontillana y el cine. Adolfo Ruiz Cortines continúa en el poder. En el campo de la literatura hay figuras claves: Juan Rulfo, Carlos Fuentes, Octavio Paz, José Revueltas y Rosario Castellanos. El mundo baila aceleradamente el rock and roll | ||
| 650 | 4 |
_aCIVILIZACION MODERNA - _y1945- _910793 |
|
| 651 | 4 |
_aMéxico _xCondiciones sociales _94559 |
|
| 740 | 0 | _a1954-1956 a toda máquina | |
| 905 | _aAudiovisuales | ||
| 999 |
_c83695 _d83695 |
||